[Event "WTch Seniors 50+"]
[Site "Radebeul GER"]
[Date "2016.06.26"]
[Round "1.6"]
[White "Hergott, Deen"]
[Black "Schmidt, Joerg"]
[Result "1-0"]
[WhiteElo "2385"]
[BlackElo "2112"]
[PlyCount "71"]
[EventDate "2016.06.26"]
[EventType "team"]
[EventRounds "9"]
[EventCountry "GER"]
[Source "Chess Mix"]
[WhiteTeam "Canada"]
[BlackTeam "SV Aufbau Bernburg"]
[WhiteTeamCountry "CAN"]

1. Nf3 Nf6 2. c4 c5 3. Nc3 g6 4. d4 cxd4 5. Nxd4 Nc6 6. e4 d6 7. Be2 Bg7 8. Be3
Bd7 9. O-O O-O 10. Qd2 Nxd4 11. Bxd4 Bc6 12. f3 Re8 13. Rfd1 Qa5 14. Rab1 Nh5
15. Be3 Nf6 16. b4 Qc7 17. Rdc1 b6 18. Nd5 Qb7 19. Nxf6+ Bxf6 20. c5 b5 21.
cxd6 Red8 22. Bf4 exd6 23. Bg5 Bxg5 24. Qxg5 Kg7 25. Qe3 Be8 26. Rb2 Rac8 27.
Rbc2 Rxc2 28. Rxc2 Qb6 29. Kf2 Kf6 30. f4 Qxe3+ 31. Kxe3 Ke6 32. Rc7 Rd7 33.
Rc8 Re7 34. Rb8 d5 35. Bxb5 dxe4 36. Rxe8 1-0

[Event "WTch Seniors 50+"]
[Site "Radebeul GER"]
[Date "2016.06.27"]
[Round "2.7"]
[White "Hergott, Deen"]
[Black "Wuttke, Hans"]
[Result "1-0"]
[WhiteElo "2385"]
[BlackElo "2140"]
[PlyCount "103"]
[EventDate "2016.06.26"]
[EventType "team"]
[EventRounds "9"]
[EventCountry "GER"]
[Source "Chess Mix"]
[WhiteTeam "Canada"]
[BlackTeam "Empor Potsdam"]
[WhiteTeamCountry "CAN"]

1. g3 c5 2. Bg2 Nc6 3. c4 g6 4. Nc3 Bg7 5. a3 d6 6. Rb1 a5 7. e3 e5 8. Nge2
Nge7 9. O-O O-O 10. d3 h6 11. h3 f5 12. f4 Kh7 13. Bd2 Rb8 14. Nd5 Be6 15. Nec3
Bf7 16. b4 axb4 17. axb4 cxb4 18. Nxb4 e4 19. Nbd5 exd3 20. Be1 Nxd5 21. Nxd5
Ne7 22. Qxd3 Nxd5 23. Bxd5 Bxd5 24. Qxd5 Qe7 25. Rb3 Rfe8 26. Bb4 Bf8 27. Rd1
Red8 28. Rbd3 Rbc8 29. Kf2 Qg7 30. Bc3 Qc7 31. c5 Bg7 32. cxd6 Qd7 33. Bxg7
Kxg7 34. Rb1 Rc6 35. Rbd1 Qf7 36. Qe5+ Qf6 37. Qxf6+ Kxf6 38. d7 Ke7 39. Rb1
Rc7 40. Rb6 Rcxd7 41. Rxd7+ Kxd7 42. Rxg6 Kc7 43. Rxh6 b5 44. Ra6 b4 45. Ra1
Kc6 46. g4 Rh8 47. Kg3 Kd5 48. Rb1 Kc4 49. gxf5 b3 50. Kg4 Rb8 51. f6 Kd3 52.
Kf5 1-0

[Event "WTch Seniors 50+"]
[Site "Radebeul GER"]
[Date "2016.06.29"]
[Round "4.4"]
[White "Anastasian, Ashot"]
[Black "Hergott, Deen"]
[Result "1/2-1/2"]
[WhiteElo "2532"]
[BlackElo "2385"]
[PlyCount "46"]
[EventDate "2016.06.26"]
[EventType "team"]
[EventRounds "9"]
[EventCountry "GER"]
[Source "Chess Mix"]
[WhiteTeam "Armenia"]
[BlackTeam "Canada"]
[WhiteTeamCountry "ARM"]
[BlackTeamCountry "CAN"]

1. d4 e6 2. c4 b6 3. a3 g6 4. Nc3 Bg7 5. e4 Ne7 6. h4 h6 7. Be3 Bb7 8. Bd3 d6
9. Nge2 Nd7 10. Qd2 a6 11. O-O-O c5 12. dxc5 bxc5 13. f4 Nc6 14. Bc2 Na5 15. b3
Qb6 16. Qxd6 Bc6 17. e5 Bf8 18. Qd3 Nxb3+ 19. Kb2 Nd2+ 20. Kc1 Nb3+ 21. Kb2
Nd2+ 22. Kc1 Nb3+ 23. Kb2 Nd2+ 1/2-1/2

[Event "WTch Seniors 50+"]
[Site "Radebeul GER"]
[Date "2016.06.30"]
[Round "5.5"]
[White "Hergott, Deen"]
[Black "Nehmert, Ulrich"]
[Result "1-0"]
[WhiteElo "2385"]
[BlackElo "2324"]
[PlyCount "81"]
[EventDate "2016.06.26"]
[EventType "team"]
[EventRounds "9"]
[EventCountry "GER"]
[Source "Chess Mix"]
[WhiteTeam "Canada"]
[BlackTeam "Hessische Seniorenmannschaft"]
[WhiteTeamCountry "CAN"]

1. d4 d5 2. Nf3 Nf6 3. c4 e6 4. g3 dxc4 5. Qa4+ Nbd7 6. Bg2 c5 7. O-O cxd4 8.
Nxd4 Be7 9. Rd1 O-O 10. Qxc4 Qa5 11. Qb5 Qxb5 12. Nxb5 a6 13. Nd6 Ra7 14. Be3
b6 15. Nc4 Rc7 16. Nxb6 Nxb6 17. Bxb6 Rc2 18. Bd4 Rxe2 19. Nc3 Rc2 20. Rab1 Rd8
21. Bf1 e5 22. Bxe5 Rxd1 23. Nxd1 Ng4 24. Bf4 g5 25. Rc1 Bf5 26. Rxc2 Bxc2 27.
Ne3 gxf4 28. Nxc2 Bc5 29. gxf4 Nxf2 30. b4 Bb6 31. Kg2 Nd1 32. Bxa6 Nc3 33. Bc4
Kg7 34. Kf3 f5 35. Ne3 Kg6 36. Be6 Kf6 37. Bb3 Kg6 38. a4 Ne4 39. Bc2 Nd6 40.
a5 Bd4 41. Bd3 1-0

[Event "WTch Seniors 50+"]
[Site "Radebeul GER"]
[Date "2016.07.01"]
[Round "6.5"]
[White "Hergott, Deen"]
[Black "Casper, Thomas"]
[Result "1/2-1/2"]
[WhiteElo "2385"]
[BlackElo "2377"]
[PlyCount "51"]
[EventDate "2016.06.26"]
[EventType "team"]
[EventRounds "9"]
[EventCountry "GER"]
[Source "Chess Mix"]
[WhiteTeam "Canada"]
[BlackTeam "Thueringen"]
[WhiteTeamCountry "CAN"]

1. d4 Nf6 2. Nc3 d5 3. Bg5 e6 4. e4 dxe4 5. Nxe4 Nbd7 6. Qd3 Be7 7. Nxf6+ Bxf6
8. Bxf6 Qxf6 9. Nf3 O-O 10. Qe3 c5 11. O-O-O b6 12. Bb5 cxd4 13. Rxd4 Nc5 14.
Ne5 a5 15. g4 Bb7 16. g5 Qf5 17. Re1 f6 18. gxf6 Rxf6 19. Nd7 Nxd7 20. Bxd7
Qxf2 21. Bxe6+ Kh8 22. Qxf2 Rxf2 23. Rd7 Bg2 24. Bc4 Bh3 25. Rde7 Raf8 26. Re8
1/2-1/2

[Event "WTch Seniors 50+"]
[Site "Radebeul GER"]
[Date "2016.07.02"]
[Round "7.2"]
[White "Graf (Nenashev), Alexander"]
[Black "Hergott, Deen"]
[Result "1-0"]
[WhiteElo "2561"]
[BlackElo "2385"]
[PlyCount "55"]
[EventDate "2016.06.26"]
[EventType "team"]
[EventRounds "9"]
[EventCountry "GER"]
[Source "Chess Mix"]
[WhiteTeam "Emanuel-Lasker-Gesellschaft"]
[BlackTeam "Canada"]
[BlackTeamCountry "CAN"]

1. d4 g6 2. e4 Bg7 3. Nc3 c5 4. Be3 Qa5 5. Nf3 Nf6 6. Qd2 cxd4 7. Nxd4 Nc6 8.
Nb3 Qc7 9. Be2 d6 10. O-O-O Bd7 11. Kb1 Rc8 12. h3 O-O 13. g4 b5 14. g5 b4 15.
Nb5 Nxe4 16. Qd5 Qb8 17. Qxe4 a6 18. N5d4 Nxd4 19. Nxd4 e5 20. Nb3 Bf5 21. Qd5
Rxc2 22. Bd3 Be6 23. Qa5 Rc6 24. Be4 Rc4 25. Nd2 Rxe4 26. Nxe4 d5 27. Rxd5 Qb7
28. Rhd1 1-0

[Event "WTch Seniors 50+"]
[Site "Radebeul GER"]
[Date "2016.07.04"]
[Round "9.6"]
[White "Hergott, Deen"]
[Black "Ianov, Viktor"]
[Result "1/2-1/2"]
[WhiteElo "2385"]
[BlackElo "2324"]
[PlyCount "50"]
[EventDate "2016.06.26"]
[EventType "team"]
[EventRounds "9"]
[EventCountry "GER"]
[Source "Mark Crowther"]
[SourceDate "2016.07.11"]
[WhiteTeam "Canada"]
[BlackTeam "Obuchiw"]
[WhiteTeamCountry "CAN"]

1. Nf3 g6 2. g3 c5 3. c3 Bg7 4. d4 cxd4 5. cxd4 Nf6 6. Nc3 O-O 7. Bg2 d6 8. e4
Bg4 9. h3 Bxf3 10. Bxf3 Nc6 11. Be3 Nd7 12. Qd2 Nb6 13. b3 Rc8 14. Rc1 e6 15.
Bg2 d5 16. exd5 exd5 17. O-O Qd7 18. Kh2 Rfe8 19. h4 a6 20. Ne2 Qd6 21. Nf4 Ne7
22. Bh3 f5 23. Rxc8 Rxc8 24. Rc1 Rxc1 25. Qxc1 Kf7 1/2-1/2

[Event "National Capital op"]
[Site "Ottawa CAN"]
[Date "2007.10.20"]
[Round "3"]
[White "Sambuev, Bator"]
[Black "Hergott, Deen"]
[Result "1-0"]
[WhiteElo "2524"]
[BlackElo "2481"]
[PlyCount "43"]
[EventDate "2007.10.20"]
[EventType "swiss"]
[EventRounds "5"]
[EventCountry "CAN"]

1. Nf3 Nf6 2. c4 e6 3. g3 a6 4. Bg2 b5 5. b3 Bb7 6. O-O c5 7. Nc3 Qb6 8. e3 Be7
9. d4 d5 10. cxd5 Nxd5 11. dxc5 Bxc5 12. Ne4 Be7 13. Bb2 Nxe3 14. fxe3 Bxe4 15.
Bxg7 Rg8 16. Bd4 Qb7 17. Ne5 Bxg2 18. Qh5 Rf8 19. Rxf7 Rxf7 20. Qxf7+ Kd8 21.
Qxe6 Nc6 22. Bb6+ 1-0

[Event "Eastern Ontario op"]
[Site "Ottawa CAN"]
[Date "2007.06.09"]
[Round "3"]
[White "Pacey, Kevin"]
[Black "Hergott, Deen"]
[Result "1/2-1/2"]
[WhiteElo "2253"]
[BlackElo "2479"]
[PlyCount "36"]
[EventDate "2007.06.08"]
[EventType "swiss"]
[EventRounds "5"]
[EventCountry "CAN"]

1. e4 c5 2. Nf3 g6 3. d3 Bg7 4. g3 Nc6 5. Bg2 e5 6. Nc3 Nge7 7. h4 h6 8. a3 d5
9. Nd2 dxe4 10. Ncxe4 b6 11. Nc4 O-O 12. h5 f5 13. Ned6 g5 14. Bxg5 hxg5 15. h6
Bf6 16. Qh5 Be6 17. O-O-O Rb8 18. f4 b5 1/2-1/2

[Event "4 city match"]
[Site "Kingston CAN"]
[Date "2005.09.10"]
[Round "2"]
[White "Berube, Antoine"]
[Black "Hergott, Deen"]
[Result "0-1"]
[WhiteElo "2130"]
[BlackElo "2385"]
[PlyCount "42"]
[EventDate "2005.09.10"]
[EventType "team"]
[EventRounds "3"]
[EventCountry "CAN"]

1. d4 e6 2. c4 b6 3. Nc3 Bb7 4. a3 f5 5. Nf3 Nf6 6. d5 Be7 7. g3 Ne4 8. Bg2
Nxc3 9. bxc3 Na6 10. O-O O-O 11. Nd4 Nc5 12. Nb3 Nxb3 13. Qxb3 Bc5 14. Qc2 Qe8
15. e4 fxe4 16. Bxe4 Qh5 17. Qd3 exd5 18. cxd5 Rae8 19. c4 d6 20. Bd2 Bc8 21.
Bb4 Rxf2 0-1

[Event "4 city match"]
[Site "Kingston CAN"]
[Date "2005.09.10"]
[Round "3"]
[White "Hergott, Deen"]
[Black "Zugic, Igor"]
[Result "0-1"]
[WhiteElo "2385"]
[BlackElo "2474"]
[PlyCount "86"]
[EventDate "2005.09.10"]
[EventType "team"]
[EventRounds "3"]
[EventCountry "CAN"]

1. Nf3 e6 2. c4 b6 3. g3 Bb7 4. Bg2 f5 5. Nc3 Nf6 6. O-O Bb4 7. a3 Bxc3 8. bxc3
O-O 9. a4 a5 10. c5 bxc5 11. Ba3 Na6 12. Rb1 Bd5 13. d3 d6 14. Qd2 Qd7 15. Rb5
Nb4 16. cxb4 axb4 17. Bxb4 Rxa4 18. Rxc5 dxc5 19. Bxc5 Rfa8 20. Ne5 Qb5 21.
Bxd5 Nxd5 22. Rc1 Ra1 23. Bd4 Rxc1+ 24. Qxc1 Qa4 25. Nc6 h6 26. e4 fxe4 27.
dxe4 Nb4 28. Nxb4 Qxb4 29. Qc6 Rf8 30. Qxe6+ Kh7 31. Qe5 Rf7 32. Qe6 Qe7 33.
Qc6 Rf3 34. Kg2 Rd3 35. Be3 Rd6 36. Qc2 Kh8 37. Bf4 Rd7 38. Qc6 Qf7 39. h4 Re7
40. Qc3 Kh7 41. Qc6 Qg6 42. Qc4 c6 43. e5 h5 0-1

[Event "Outaouais op"]
[Site "Hull CAN"]
[Date "2001.10.20"]
[Round "2"]
[White "Bannon, Eric"]
[Black "Hergott, Deen"]
[Result "0-1"]
[WhiteElo "2163"]
[BlackElo "2475"]
[PlyCount "90"]
[EventDate "2001.10.20"]
[EventType "swiss"]
[EventRounds "5"]
[EventCountry "CAN"]
[Source "CFC"]
[SourceDate "2002.02.??"]

1. e4 e5 2. Nf3 Nc6 3. Nc3 Nf6 4. d4 exd4 5. Nxd4 Bb4 6. Nxc6 bxc6 7. Bd3 d5 8.
exd5 O-O 9. O-O cxd5 10. Bg5 c6 11. Na4 Qd6 12. h3 Ba5 13. Be3 Bc7 14. f4 d4
15. Bd2 c5 16. b3 Bb7 17. Be2 Ne4 18. Bf3 Rae8 19. Bc1 Re7 20. Nb2 Nc3 21. Qd3
Bxf3 22. Qxf3 Ne2+ 23. Kh2 Rfe8 24. Bd2 g5 25. Nd3 Nxf4 26. Nxf4 Re2 27. Rae1
Rxe1 28. Rxe1 Rxe1 29. Bxe1 Qxf4+ 30. Qxf4 Bxf4+ 31. g3 Bd6 32. Kg2 f5 33. g4
Kf7 34. Kf3 Kg6 35. Ba5 Be7 36. Bd2 h5 37. Bc1 fxg4+ 38. hxg4 h4 39. Bd2 Kf6
40. Ba5 Ke6 41. Bd2 Kd5 42. Bc1 h3 43. Kg3 Ke4 44. Kxh3 Kf3 45. Bb2 Ke2 0-1

[Event "Ottawa Closed"]
[Site "Ottawa CAN"]
[Date "2001.10.15"]
[Round "2"]
[White "Hergott, Deen"]
[Black "Hum, Peter"]
[Result "1/2-1/2"]
[WhiteElo "2474"]
[BlackElo "2229"]
[PlyCount "97"]
[EventDate "2001.10.14"]
[EventType "tourn"]
[EventRounds "6"]
[EventCountry "CAN"]

1. c4 c5 2. b3 Nc6 3. Bb2 e5 4. g3 g6 5. Bg2 Bg7 6. Nc3 Nge7 7. e3 d6 8. Nge2
O-O 9. O-O a6 10. Nd5 Rb8 11. d3 b5 12. Qd2 Bf5 13. h3 h5 14. Kh2 Bc8 15. f4
Nxd5 16. cxd5 Ne7 17. fxe5 dxe5 18. e4 Qd6 19. Rac1 Bd7 20. Qe3 Rbc8 21. Rc2
Kh7 22. Ba3 b4 23. Bc1 Ng8 24. a4 Nh6 25. Qg1 Rc7 26. Be3 Rfc8 27. Rfc1 Bf8 28.
Qf2 f5 29. Ng1 h4 30. gxh4 f4 31. Bd2 Be7 32. Nf3 Nf7 33. Be1 a5 34. Qg1 g5 35.
hxg5 Nxg5 36. Nxg5+ Bxg5 37. Bf3 Rg8 38. Qf1 Qh6 39. Rxc5 Rxc5 40. Rxc5 Bh4 41.
Rc7 Rg7 42. Bxh4 Qxh4 43. Bg2 Qd8 44. Rc2 Rg3 45. Rf2 Qh4 46. Rf3 Bg4 47. Rxg3
Qxg3+ 48. Kg1 Bh5 49. Qf2 1/2-1/2

[Event "Ottawa Closed"]
[Site "Ottawa CAN"]
[Date "2001.10.29"]
[Round "3"]
[White "Hergott, Deen"]
[Black "Davies, Alex"]
[Result "1-0"]
[WhiteElo "2474"]
[BlackElo "2239"]
[PlyCount "67"]
[EventDate "2001.10.14"]
[EventType "tourn"]
[EventRounds "6"]
[EventCountry "CAN"]

1. d4 Nf6 2. Bg5 e6 3. e4 h6 4. Bxf6 Qxf6 5. Nc3 g6 6. e5 Qe7 7. f4 Bg7 8. Bd3
d6 9. Nf3 a6 10. Qe2 d5 11. Qf2 Nd7 12. g4 h5 13. gxh5 Rxh5 14. Rg1 Nf8 15.
O-O-O Bd7 16. Kb1 Bh8 17. h4 O-O-O 18. Ne2 Bb5 19. Bxb5 axb5 20. Rd3 Kb8 21.
Qe1 b6 22. Rb3 Qd7 23. Nc3 Kb7 24. Nxb5 Ra8 25. Qb4 Bg7 26. Rc3 Rc8 27. Ra3 Rb8
28. Ra7+ Kc8 29. Rxc7+ Qxc7 30. Nxc7 Kxc7 31. Qe7+ Kc6 32. c4 dxc4 33. d5+ Kxd5
34. Qd6+ 1-0

[Event "Ottawa Closed"]
[Site "Ottawa CAN"]
[Date "2001.11.05"]
[Round "5"]
[White "Valdizon, Armando"]
[Black "Hergott, Deen"]
[Result "0-1"]
[WhiteElo "2337"]
[BlackElo "2474"]
[PlyCount "48"]
[EventDate "2001.10.14"]
[EventType "tourn"]
[EventRounds "6"]
[EventCountry "CAN"]

1. d4 Nc6 2. d5 Ne5 3. f4 Ng6 4. f5 Ne5 5. Bf4 d6 6. e4 g6 7. Bxe5 dxe5 8. fxg6
hxg6 9. Nf3 a6 10. Bd3 Nf6 11. Nbd2 Nh5 12. Nxe5 Qd6 13. Ndc4 Qf6 14. Rf1 Qh4+
15. Rf2 Nf6 16. g3 Qh3 17. Bf1 Qh5 18. Be2 Qh6 19. Qd3 Bg7 20. Nxf7 Kxf7 21. e5
Bf5 22. Rxf5 gxf5 23. Qxf5 Qxh2 24. O-O-O Qxe2 0-1

[Event "Ottawa Closed"]
[Site "Ottawa CAN"]
[Date "2001.11.18"]
[Round "6"]
[White "Djerkovic, Miladin"]
[Black "Hergott, Deen"]
[Result "0-1"]
[WhiteElo "2252"]
[BlackElo "2474"]
[PlyCount "78"]
[EventDate "2001.10.14"]
[EventType "tourn"]
[EventRounds "6"]
[EventCountry "CAN"]

1. e4 e5 2. Nf3 Nc6 3. Bb5 a6 4. Ba4 d6 5. c3 f5 6. exf5 Bxf5 7. O-O Bd3 8. Re1
Be7 9. Bc2 Bxc2 10. Qxc2 g5 11. d4 g4 12. d5 gxf3 13. dxc6 bxc6 14. Qe4 Qd7 15.
Qxf3 Nf6 16. Nd2 O-O 17. Ne4 d5 18. Qg3+ Kh8 19. Bh6 Rg8 20. Ng5 Bd6 21. Qh3
Rg6 22. Qxd7 Nxd7 23. Nf7+ Kg8 24. Nxd6 cxd6 25. Be3 Kf7 26. b4 Ke6 27. a4 Rag8
28. g3 Rg4 29. f3 Rc4 30. Rec1 c5 31. Bd2 a5 32. bxa5 Ra8 33. a6 Rxa6 34. a5 d4
35. cxd4 Rxc1+ 36. Rxc1 exd4 37. f4 Kd5 38. Kf2 c4 39. Kf3 c3 0-1

[Event "Ottawa Closed"]
[Site "Ottawa CAN"]
[Date "2001.11.19"]
[Round "7"]
[White "Voloaca, Mihnea"]
[Black "Hergott, Deen"]
[Result "1/2-1/2"]
[WhiteElo "2287"]
[BlackElo "2474"]
[PlyCount "25"]
[EventDate "2001.10.14"]
[EventType "tourn"]
[EventRounds "6"]
[EventCountry "CAN"]

1. d4 d5 2. c4 c6 3. Nf3 Nf6 4. Nc3 dxc4 5. a4 Bf5 6. e3 e6 7. Bxc4 Bb4 8. O-O
O-O 9. Qe2 Bg6 10. Rd1 Nbd7 11. Ne5 Qa5 12. Nxg6 hxg6 13. Bd2 1/2-1/2

[Event "Outaouais op"]
[Site "Hull CAN"]
[Date "2000.11.03"]
[Round "1"]
[White "Hergott, Deen"]
[Black "Kirby, Patrick"]
[Result "1-0"]
[WhiteElo "2447"]
[BlackElo "1861"]
[PlyCount "87"]
[EventDate "2000.11.03"]
[EventType "swiss"]
[EventRounds "5"]
[EventCountry "CAN"]

1. d4 Nf6 2. Nf3 e6 3. g3 b5 4. Bg2 Bb7 5. a4 b4 6. a5 c5 7. O-O Bd5 8. Bg5 Nc6
9. dxc5 Bxc5 10. Nbd2 e5 11. Nh4 Bxg2 12. Kxg2 d5 13. Bxf6 gxf6 14. Nb3 Be7 15.
e4 d4 16. Nf5 Qc7 17. Qe2 Rc8 18. Rfc1 Nd8 19. a6 Ne6 20. Qb5+ Qc6 21. Qb7 Rc7
22. Na5 Qc5 23. Qa8+ Rc8 24. Qd5 Rg8 25. Kf1 Qxd5 26. exd5 Nd8 27. Nb7 Rg5 28.
Nfd6+ Bxd6 29. Nxd6+ Kd7 30. Nxc8 Kxc8 31. f3 Kd7 32. Ke2 Kd6 33. Ra5 f5 34.
Kd3 h5 35. c3 bxc3 36. bxc3 h4 37. cxd4 hxg3 38. dxe5+ Kxe5 39. Re1+ Kd6 40.
hxg3 Rxg3 41. Ke3 f6 42. Kf4 Rg5 43. Rb5 Kd7 44. Rh1 1-0

[Event "Outaouais op"]
[Site "Hull CAN"]
[Date "2000.11.04"]
[Round "2"]
[White "Cote, Jacques"]
[Black "Hergott, Deen"]
[Result "0-1"]
[WhiteElo "2093"]
[BlackElo "2447"]
[PlyCount "112"]
[EventDate "2000.11.03"]
[EventType "swiss"]
[EventRounds "5"]
[EventCountry "CAN"]

1. e4 e6 2. d4 d5 3. Nc3 Nf6 4. Bg5 dxe4 5. Nxe4 Be7 6. Nxf6+ Bxf6 7. Bxf6 Qxf6
8. Nf3 O-O 9. c3 Nd7 10. Bd3 b6 11. Be4 Rb8 12. Qc2 h6 13. O-O-O c5 14. Kb1 Bb7
15. Bxb7 Rxb7 16. Qe4 Rc7 17. d5 exd5 18. Rxd5 Qc6 19. Qf4 Qxd5 20. Qxc7 Re8
21. Rc1 Re2 22. Qd8+ Kh7 23. Qh4 Nf6 24. Ka1 Ne4 25. c4 Qf5 26. Qe7 Qf6 27.
Qxf6 gxf6 28. Re1 Rxe1+ 29. Nxe1 Nxf2 30. Kb1 Ng4 31. h3 Ne3 32. b3 Kg6 33. Kc1
Kf5 34. Kd2 Ke4 35. Ke2 f5 36. g3 f4 37. gxf4 Kxf4 38. Nd3+ Ke4 39. Nf2+ Kd4
40. Nd3 Nd1 41. Kd2 Nc3 42. a4 Ne4+ 43. Kc2 Ke3 44. b4 Kd4 45. bxc5 bxc5 46. h4
Nd6 47. Nf2 Nxc4 48. h5 Ne3+ 49. Kc1 f5 50. Nh3 Nd5 51. Kd2 c4 52. Ng1 c3+ 53.
Kc1 Ke3 54. Kc2 Nf4 55. Kxc3 Ne2+ 56. Nxe2 Kxe2 0-1

[Event "Outaouais op"]
[Site "Hull CAN"]
[Date "2000.11.04"]
[Round "3"]
[White "Hergott, Deen"]
[Black "Pnevmonidis, Pantelis"]
[Result "1-0"]
[WhiteElo "2447"]
[BlackElo "2140"]
[PlyCount "55"]
[EventDate "2000.11.03"]
[EventType "swiss"]
[EventRounds "5"]
[EventCountry "CAN"]

1. d4 d5 2. Nf3 c6 3. c4 Nf6 4. Nc3 dxc4 5. a4 Bf5 6. Ne5 Nbd7 7. Nxc4 Qc7 8.
g3 e5 9. dxe5 Nxe5 10. Bf4 Nfd7 11. Bg2 f6 12. O-O Nc5 13. e4 Be6 14. Nxe5 fxe5
15. Qh5+ Bf7 16. Qxe5+ Qxe5 17. Bxe5 Bc4 18. Rfd1 Nd3 19. Bd4 Nxb2 20. Rdb1 Nd3
21. Rxb7 O-O-O 22. Rab1 Rxd4 23. Bh3+ Kd8 24. Nd5 Rxd5 25. exd5 Ne5 26. dxc6
Nxc6 27. Rd1+ Ke8 28. Bd7+ 1-0

[Event "Kingston op"]
[Site "Kingston CAN"]
[Date "2000.02.12"]
[Round "2"]
[White "Hergott, Deen"]
[Black "Struthers, Matthew"]
[Result "1-0"]
[WhiteElo "2484"]
[BlackElo "2167"]
[PlyCount "37"]
[EventDate "2000.02.12"]
[EventType "swiss"]
[EventRounds "5"]
[EventCountry "CAN"]

1. d4 Nf6 2. Nf3 d5 3. c4 e6 4. g3 Be7 5. Bg2 O-O 6. O-O Nbd7 7. Qc2 Rb8 8. Bf4
Bd6 9. cxd5 Nxd5 10. Bg5 Be7 11. Bxe7 Nxe7 12. Nc3 c5 13. dxc5 Nxc5 14. Rfd1
Qe8 15. Ng5 Ng6 16. Nce4 Nd7 17. h4 f5 18. Nd6 Qe7 19. Nxe6 1-0

[Event "Kingston op"]
[Site "Kingston CAN"]
[Date "2000.02.13"]
[Round "5"]
[White "Djerkovic, Miladin"]
[Black "Hergott, Deen"]
[Result "1/2-1/2"]
[WhiteElo "2331"]
[BlackElo "2484"]
[PlyCount "39"]
[EventDate "2000.02.12"]
[EventType "swiss"]
[EventRounds "5"]
[EventCountry "CAN"]

1. e4 c5 2. Nf3 Nc6 3. d4 cxd4 4. Nxd4 g6 5. Nc3 Bg7 6. Be3 Nf6 7. Bc4 O-O 8.
Bb3 a5 9. f3 d5 10. Nxd5 Nxd5 11. exd5 Nxd4 12. Bxd4 e5 13. Bf2 e4 14. fxe4 a4
15. Bc4 Re8 16. Qd3 Bf5 17. O-O Rxe4 18. a3 Rc8 19. Ba2 Re8 20. Qb5 1/2-1/2

[Event "RA Winter op"]
[Site "Ottawa CAN"]
[Date "2000.01.16"]
[Round "4"]
[White "Pacey, Kevin"]
[Black "Hergott, Deen"]
[Result "1/2-1/2"]
[WhiteElo "2311"]
[BlackElo "2484"]
[PlyCount "38"]
[EventDate "2000.01.15"]
[EventType "swiss"]
[EventRounds "5"]
[EventCountry "CAN"]

1. g3 g6 2. Bg2 Bg7 3. c4 e5 4. Nc3 Nc6 5. d3 d6 6. e3 h5 7. Nf3 Nh6 8. e4 Nd4
9. Nxd4 exd4 10. Ne2 h4 11. h3 hxg3 12. fxg3 Ng8 13. Bf4 g5 14. Bd2 Be5 15. Qb3
c5 16. O-O-O Rb8 17. Rdf1 b5 18. cxb5 Be6 19. Qa4 Qd7 1/2-1/2

[Event "Den Bosch"]
[Site "Hertogenbosch NED"]
[Date "1999.11.18"]
[Round "1"]
[White "Hergott, Deen"]
[Black "Rogers, Ian"]
[Result "0-1"]
[WhiteElo "2396"]
[BlackElo "2574"]
[PlyCount "64"]
[EventDate "1999.11.18"]
[EventType "tourn"]
[EventRounds "9"]
[EventCountry "NED"]

1. d4 Nf6 2. Nf3 g6 3. c4 Bg7 4. Nc3 O-O 5. e4 d6 6. Be2 Na6 7. O-O e5 8. Re1
c6 9. Rb1 exd4 10. Nxd4 Nc5 11. f3 a5 12. Bg5 Re8 13. Bf1 Bd7 14. Qd2 Qb6 15.
Kh1 a4 16. Red1 Nh5 17. g4 Nf6 18. h3 h5 19. Bf4 hxg4 20. hxg4 Ncxe4 21. fxe4
Nxe4 22. Qg2 Bxd4 23. Nxe4 Kg7 24. c5 Rh8+ 25. Bh2 Bxc5 26. Nxc5 Qxc5 27. Rbc1
Qb6 28. Rxd6 Bxg4 29. Be2 Rxh2+ 30. Kxh2 Rh8+ 31. Kg3 Qe3+ 32. Bf3 Bxf3 0-1

[Event "Den Bosch"]
[Site "Hertogenbosch NED"]
[Date "1999.11.19"]
[Round "2"]
[White "Hergott, Deen"]
[Black "Welling, Gerard"]
[Result "1-0"]
[WhiteElo "2396"]
[BlackElo "2368"]
[PlyCount "69"]
[EventDate "1999.11.18"]
[EventType "tourn"]
[EventRounds "9"]
[EventCountry "NED"]

1. d4 d5 2. Nf3 Nf6 3. c4 c6 4. Qc2 g6 5. Bf4 Bg7 6. e3 O-O 7. Nc3 Be6 8. Qb3
dxc4 9. Qxb7 Qb6 10. Qxb6 axb6 11. Ng5 b5 12. Nxe6 fxe6 13. g3 Na6 14. Bh3 Kf7
15. O-O Nd5 16. a4 Nxc3 17. bxc3 e5 18. Bxe5 Bxe5 19. dxe5 Nc5 20. axb5 cxb5
21. Rxa8 Rxa8 22. Rb1 Nb3 23. Bg2 Rc8 24. f4 e6 25. Rb2 Rd8 26. Bc6 Rb8 27. Kf2
b4 28. cxb4 Rxb4 29. Rc2 Ke7 30. Bf3 Nc5 31. Ke1 Rb1+ 32. Kd2 Rb4 33. Kc3 Ra4
34. Bc6 Ra3+ 35. Kb4 1-0

[Event "Den Bosch"]
[Site "Hertogenbosch NED"]
[Date "1999.11.20"]
[Round "3"]
[White "Bosch, Jeroen"]
[Black "Hergott, Deen"]
[Result "1/2-1/2"]
[WhiteElo "2433"]
[BlackElo "2396"]
[PlyCount "32"]
[EventDate "1999.11.18"]
[EventType "tourn"]
[EventRounds "9"]
[EventCountry "NED"]

1. e4 d6 2. d4 g6 3. Nc3 Bg7 4. Nf3 Nf6 5. Be3 c6 6. Qd2 b5 7. Bd3 O-O 8. Bh6
Bg4 9. Bxg7 Kxg7 10. a4 b4 11. Ne2 Nbd7 12. Qxb4 c5 13. dxc5 Nxc5 14. O-O Rb8
15. Qc3 Qb6 16. Rfb1 Rfc8 1/2-1/2

[Event "Den Bosch"]
[Site "Hertogenbosch NED"]
[Date "1999.11.22"]
[Round "5"]
[White "Nijboer, Friso"]
[Black "Hergott, Deen"]
[Result "1-0"]
[WhiteElo "2559"]
[BlackElo "2396"]
[PlyCount "57"]
[EventDate "1999.11.18"]
[EventType "tourn"]
[EventRounds "9"]
[EventCountry "NED"]

1. e4 e5 2. Nf3 Nc6 3. Bb5 Nf6 4. O-O Nxe4 5. d4 Nd6 6. Bxc6 dxc6 7. dxe5 Nf5
8. Qxd8+ Kxd8 9. Nc3 Ke8 10. h3 Ne7 11. Bd2 Ng6 12. a4 a5 13. Ne4 h6 14. Nd4
Nxe5 15. Rfe1 Kd8 16. Rad1 Bd7 17. Bc3 Ng6 18. Nf5 Kc8 19. Nxg7 f5 20. Rxd7
Kxd7 21. Nf6+ Kd6 22. Nge8+ Kc5 23. Nd7+ Kc4 24. Bxh8 Be7 25. Rd1 Nxh8 26. Nxc7
Rg8 27. Ne6 c5 28. Nb6+ Kb4 29. Nd5+ 1-0

[Event "Den Bosch"]
[Site "Hertogenbosch NED"]
[Date "1999.11.24"]
[Round "7"]
[White "Stone, R."]
[Black "Hergott, Deen"]
[Result "1/2-1/2"]
[WhiteElo "2340"]
[BlackElo "2396"]
[PlyCount "42"]
[EventDate "1999.11.18"]
[EventType "tourn"]
[EventRounds "9"]
[EventCountry "NED"]

1. d4 d5 2. c4 c6 3. Nf3 Nf6 4. Nc3 dxc4 5. a4 Bf5 6. e3 e6 7. Bxc4 Bb4 8. O-O
O-O 9. Qe2 Bg6 10. Ne5 Nbd7 11. Nxg6 hxg6 12. Rd1 Qa5 13. Bd2 e5 14. d5 Rad8
15. dxc6 bxc6 16. Be1 e4 17. Rd4 Nb6 18. Bb3 Rxd4 19. exd4 Re8 20. Rc1 Qf5 21.
Bd2 Qd7 1/2-1/2